| 000 | 01237cim a2200325 a 4500 | ||
|---|---|---|---|
| 001 | 5667877 | ||
| 003 | NUST - PNEC | ||
| 005 | 20170116181106.0 | ||
| 007 | ssulunjlcnnnu | ||
| 008 | 921028s1991 caunnn f eng | ||
| 010 | _a 92789281 | ||
| 020 | _a1558003827 | ||
| 024 | 3 | _a9781558003828 | |
| 028 | 0 | 2 |
_a41450 _bDove Audio |
| 040 |
_aDLC _cDLC |
||
| 050 | 0 | 0 | _aRZA 0817 |
| 082 | _a813.54 SHE | ||
| 100 | 1 | _aSheldon, Sidney. | |
| 245 | 1 | 4 |
_aThe doomsday conspiracy _h[sound recording] / _cauthor, reader, Sidney Sheldon. |
| 260 |
_aBeverly Hills, CA : _bDove Audio, _cp1991. |
||
| 300 |
_a2 sound cassettes (ca. 3 hr.) : _banalog, Dolby processed. |
||
| 306 | _a030000 | ||
| 500 | _aIn container (18 cm.). | ||
| 520 | _aAn abridgment of the novel about a United States Navy commander who is assigned by the National Security Agency to investigate the crash of a weather balloon near an isolated Swiss village and discovers the accident actually involved an unidentified flying object containing two alien bodies. | ||
| 650 | 0 |
_aNavies _xGeneral books _vFiction. |
|
| 650 | 0 |
_aExtraterrestrial beings _vFiction. |
|
| 906 |
_a7 _bcbc _corignew _d2 _encip _f19 _gy-genmusic |
||
| 942 |
_2ddc _cBK |
||
| 999 |
_c68954 _d68954 |
||